Formula 1: Most Points Per Team - Sauber - Statistics

General Stats
  • This quiz has been taken 44 times
  • The average score is 14 of 20
Answer Stats
Points Answer Nationality Years on team % Correct
66 Kimi Räikkönen Finland 2001
92%
80 Sergio Pérez Mexico 2011-2012
92%
39 Charles Leclerc Monaco 2018
89%
129 Felipe Massa Brazil 2002, 2004-2005
89%
123 Kamui Kobayashi Japan 2010-2012
84%
18 Marcus Ericsson Sweden 2015-2018
84%
177 Nick Heidfeld Germany 2001-2003, 2010
82%
27 Jacques Villeneuve Canada 2005
76%
62 Mika Salo Finland 2000
76%
51 Nico Hülkenberg Germany 2013
76%
237 Heinz-Harald Frentzen Germany 1994-1996, 2002-2003
74%
96 Jean Alesi France 1998-1999
71%
71 Giancarlo Fisichella Italy 2004
68%
45 JJ Lehto Finland 1993-1994
68%
29 Felipe Nasr Brazil 2015-2016
66%
159 Johnny Herbert United Kingdom 1996-1998
63%
61 Karl Wendlinger Austria 1993-1995
45%
45 Pedro Diniz Brazil 1999-2000
45%
14 Nicola Larini Italy 1997
34%
25 Jean-Christoph Boullion France 1995
26%
No matching quizzes found
Score Distribution
Percent of People with Each Score
Percentile by Number Answered
Your Score History
You have not taken this quiz